|
|
|
|
| LEADER |
00753cam a2200217 7i4500 |
| 001 |
0000009901 |
| 005 |
20200519090000.0 |
| 020 |
|
|
|a 0763748161
|
| 090 |
0 |
0 |
|a QP34.5
|b .C59 2005
|
| 100 |
1 |
|
|a Clark, Robert K
|
| 245 |
1 |
0 |
|a Anatomy and physiology :
|b understanding the human body
|c Robert K. Clark.
|
| 260 |
|
|
|a Boston:
|b Jones and Bartlett Publishers,
|c 2005.
|
| 300 |
|
|
|a xix, 474 p.:
|b ill. (some col.);
|c 28 cm.
|
| 500 |
|
|
|a Includes index
|
| 650 |
0 |
0 |
|a Physiology, Pathological
|
| 650 |
0 |
0 |
|a Human physiology
|
| 650 |
0 |
0 |
|a Human anatomy
|
| 997 |
|
|
|a Health Sciences, Faculty
|
| 998 |
|
|
|a Occupational Safety & Health, Degree
|
| 999 |
|
|
|a 0000016201
|b BOK
|c OPEN SHELF
|e 1st Floor, Shah Alam
|
| 999 |
|
|
|a 0000016952
|b BOK
|c OPEN SHELF
|e 1st Floor, Shah Alam
|